000 00870nam a2200217 a 4500
003 0
005 20250430113124.0
008 050809s19uu xx 00 eng d
050 _aPHS LB 1062.6
_b.S55 2005
100 _aShin, Chorong.
245 _aThe Effects of being in a relationship on the academic performance of high school students /
_cChorong Shin.
260 _aLas PiƱas City, Philippines :
_bSouthville International School and Colleges,
_c2005.
300 _a33 pages :
_billustrations ;
_c28 cm.
504 _aIncludes bibliographical references.
650 _2Library of Congress Subject Headings
_aRomantic relationships
_xInfluence on education.
650 _aDating (Social customs) in adolescence.
650 _aStudent performance
_zPhilippines.
650 _aAcademic achievement
_xPsychological aspects.
942 _2lcc
_cPASS
999 _c97302
_d97302